000 00727nam a2200205Ia 4500
005 20260121110157.0
008 008 260114s9999 xx 000 0 hin d
020 _a9788132365662
037 _aEBOOK
040 _aCRL
_bhin
_cCRL
041 _ahin
_2hin
084 _qCRL
100 _aदेविका जोशी / Devika Joshi
_9942977
245 0 _aभौतिक भूगोल की प्रकृति एवं विषय क्षेत्र / Bhautik Bhugol ki Prakriti aur Vishay Kshetra
260 _bभाषा प्रकाशन / Bhasha Prakashan
_c2021
856 _uhttps://bhashaprakashan.com/product-details/379422
942 _cEBOOK
999 _c1534642
_d1534642